| Tag |
First Indicator |
Second Indicator |
Subfields |
| LEADER |
00000cjm a2200000 i 4500 |
| 001 |
in00003813611 |
| 005 |
20170926113531.0 |
| 007 |
sd fsngnnmmned |
| 008 |
141027s2012 nyurcnne n eng |
| 010 |
|
|
|a 2014624978
|
| 024 |
1 |
|
|a 886919776928
|
| 028 |
0 |
0 |
|a 88691 97769 2
|b Columbia
|
| 028 |
4 |
0 |
|a 197769
|b Columbia
|
| 035 |
|
|
|a (OCoLC)ocn893939233
|
| 040 |
|
|
|a DLC
|b eng
|c DLC
|d OCLCO
|d OCLCF
|d OCL
|d OCLCQ
|d OCLCO
|d UtOrBLW
|
| 049 |
|
|
|a TXAM
|
| 090 |
|
|
|a M1630.18.M437
|b R59 2012
|
| 110 |
2 |
|
|a Tenacious D (Musical group),
|e performer.
|0 http://id.loc.gov/authorities/names/no2001090421
|
| 245 |
1 |
0 |
|a Rize of the fenix /
|c Tenacious D.
|
| 250 |
|
|
|a Exclusive deluxe ed.
|
| 264 |
|
1 |
|a New York :
|b Columbia Records,
|c [2012]
|
| 264 |
|
4 |
|c ℗2012
|
| 300 |
|
|
|a 1 audio disc :
|b digital ;
|c 4 3/4 in. +
|e 1 videodisc (DVD : sound, color ; 4 3/4 in.)
|
| 336 |
|
|
|a performed music
|b prm
|2 rdacontent
|
| 337 |
|
|
|a audio
|b s
|2 rdamedia
|
| 338 |
|
|
|a audio disc
|b sd
|2 rdacarrier
|
| 500 |
|
|
|a Columbia: 88691 97769 2 (set and CD); 197769 (DVD).
|
| 511 |
0 |
|
|a Tenacious D (Jack Black, Kyle Gass) ; with acc.
|
| 508 |
|
|
|a Produced by John Kimbrough ; Deth starr produced by John King.
|
| 500 |
|
|
|a "Parental advisory: explicit content; strong language, sexual + violent content"--Container.
|
| 500 |
|
|
|a Compact disc accompanied by DVD.
|
| 505 |
0 |
|
|a CD. Rize of the fenix -- Low hangin' fruit -- Classical teacher -- Señorita -- Deth starr -- Roadie -- Flutes & trombones -- The ballad of Hollywood Jack and the Rage Kage -- Throw down -- Rock is dead -- They fucked our asses -- To be the best -- 39 -- Bonus tracks. Quantum leap -- Rivers of brown.
|
| 505 |
0 |
|
|a DVD. Tasty nuggests. Low hangin' fruit -- Where have we been -- Tale of the fenix -- Rock is dead -- Roadie.
|
| 500 |
|
|
|a Sound recording.
|
| 650 |
|
0 |
|a Rock music
|y 2011-2020.
|0 http://id.loc.gov/authorities/subjects/sh2011000500
|
| 650 |
|
7 |
|a Rock music.
|2 fast
|0 (OCoLC)fst01099204
|
| 648 |
|
7 |
|a 2011 - 2020
|2 fast
|
| 655 |
|
7 |
|a Rock videos.
|2 fast
|0 (OCoLC)fst01726177
|
| 655 |
|
7 |
|a Rock videos.
|2 lcgft
|0 http://id.loc.gov/authorities/genreForms/gf2011026541
|
| 740 |
0 |
2 |
|a Tasty nuggets.
|
| 948 |
|
|
|a cataloged
|b h
|c 2017/3/22
|d c
|e ceaton
|f 1:06:19 pm
|
| 994 |
|
|
|a C0
|b TXA
|
| 999 |
f |
f |
|s e4ebcec4-65cc-3106-94b0-aba4a8a14ef4
|i d3ccb963-30a6-3221-939b-936c165b3f55
|t 0
|
| 952 |
f |
f |
|p ric
|a Texas A&M University
|b Rellis Campus
|c Joint Library Facility
|d Remote Storage
|t 0
|e M1630.18.M437 R59 2012
|h Library of Congress classification
|i audio -- audio disc
|m A14843689739
|
| 998 |
f |
f |
|a M1630.18.M437 R59 2012
|t 0
|l Remote Storage
|